000 01344pam a2200349 a 4500
001 1899
003 FISKH
005 20231009103730.0
008 960318s1996 nyuab b b 001 0 eng
010 _a 96013475
020 _a9780516260907
040 _aDLC
_cDLC
_dDLC
_beng
042 _alcac
050 0 0 _aE98.R3
_bM545 1996
082 0 0 _a394.2/6/08997
_220
100 1 _aMiller, Jay,
_d1947-
245 1 0 _aAmerican Indian festivals /
_cby Jay Miller.
260 _aNew York :
_bChildren's Press,
_c1996.
300 _a47 pages :
_bcolor map ; color illustrations ;
_c22 cm.
440 2 _aA true book
505 _aR
520 _aBriefly describes some of the customs and practices related to festivals celebrated in various North American Indian cultures.
521 8 _a700
_bLexile
521 8 _aR
_bRaz-Plus
650 0 _aIndians of North America
_xRites and ceremonies
_xJuvenile literature.
650 0 _aIndian dance
_xJuvenile literature.
650 0 _aFestivals
_zNorth America
_xJuvenile literature.
650 1 _aIndians of North America
_xRites and ceremonies.
906 _a7
_bcbc
_corignew
_d1
_eocip
_f19
_gy-gencatlg
942 _2ddc
_cBK
_n0
999 _c1899
_d1899